000 00902 a2200217 4500
001 50001
005 20260407155800.0
008 260407a1994 arg spa d
003 AR-UNSa-BCEJYS
040 _aAR-UNSa-BCEJYS
_bspa
_cAR-UNSa-BCEJYS
080 _a351.72
_xFinanzas públicas. Legislación (Contabilidad Pública, Administración financiera...)
245 1 0 _aLey 24.156
_pLa administración financiera y los sistemas de control del sector público nacional. Análisis y crítica
020 _a950-791-026-3
264 1 _aBuenos Aires :
_bEdiciones Interoceánicas
_c1994
300 _a224 p.
_c22 cm.
505 _a1. Introducción: Fundamentos para dictar la ley. Análisis y crítica - 2. Contenido de la Ley 24.156 y sus reglamentaciones - 3. Conclusiones - 4. Apéndice
041 _aspa
942 _cBK
590 _aniveau_biblio:m niveau_hierar:0
100 1 _aCollazo, Oscar Juan
999 _c4928
_d4928